[Event "Medellin Amateur 17th"]
[Site "Medellin"]
[Date "2010.08.06"]
[Round "4.23"]
[White "Sanabria, Kevin"]
[Black "Ceballos, Vanessa Maria"]
[Result "0-1"]
[WhiteElo "1617"]
[BlackElo "1740"]
[PlyCount "23"]
[EventDate "2010.08.04"]
[EventType "swiss"]
[EventRounds "9"]
[EventCountry "COL"]
[SourceTitle "EXT 2024"]
[Source "ChessBase"]
[SourceDate "2023.10.10"]
[SourceVersion "1"]
[SourceVersionDate "2023.10.10"]
[SourceQuality "1"]

1. d4 d5 2. Nf3 Nc6 3. Bf4 Bf5 4. e3 e6 5. Be2 a6 6. a4 Nf6 7. h3 Be7 8. Nbd2 Nb4 9. Rc1 Qd7 10. c3 Nd3+ 11. Bxd3 Bxd3 12. Ne5 0-1